000 00376nam a2200133Ia 4500
008 100328s9999 xx 000 0 und d
082 _b30628
100 _aपाटील दि.द.
245 _aदसरा उजाडला
260 _bजयहिंद
630 _aदसरा उजाडला
730 _aदसरा उजाडला
942 _cBOOK
999 _c521597
_d521594